• 首页
  • 本馆介绍
  • 公告通知
  • 最新文献
  • 馆藏检索
  • 电子资源
  • 读者导购
  • 参考咨询
  • 我的图书馆
  • 登录
  • 详细信息显示
  • 放入我的书架
  • 预约/预借图书
  • 作者相关作品
  • 分类相关作品
  • 丛书相关作品
  • 出版社相关作品

书目信息

  • 表格格式
  • 工作单格式
  • 卡片格式
书名: Zen mind, beginner's mind
作者: by Shunryu Suzuki ; edited by Trudy Dixon ; with a preface by Huston Smith ; and an introduction by Richard Baker.
分册号:
分册名:
出版地: New York :
 
出版社: Weatherhill
出版时间: 1999.
页数: 138 p. ;
开本: 22 cm.
丛书名:
中图分类号:
科图分类号:
其他分类号: B946.5
主题词:
电子资源: http://www.loc.gov/catdir/enhancements/fy0661/2005042256-b.html      http://www.loc.gov/catdir/enhancements/fy0661/2005042256-d.html     
000 01229pam a2200361 a 4500
001 E0737273363
003 CAL
005 20070709102147.18
008 050224s1999 nyu 000 0 eng
010    @a 2005042256
020    @a0834800799 (pbk.).
020    @a0834800527.
020    @a9780834800793 (pbk.).
040    @aDLC@cDLC@dDLC
042    @apcc
050 00 @aBQ9288@b.S994 2006
082 00 @a294.3/4435@222
090    @aB946.5
093    @aB946.5@24
099    @dB946.5@ex39
100 1  @aSuzuki, Shunry奴,@d1904-
245 10 @aZen mind, beginner's mind / @cby Shunryu Suzuki ; edited by Trudy Dixon ; with a preface by Huston Smith ; and an introduction by Richard Baker.
250    @a1st rev. ed.
260    @aNew York :@bWeatherhill,@c1999.
300    @a138 p. ;@c22 cm.
500    @a"Informal talks on Zen meditation and practice."
650  0 @aZen Buddhism@xDoctrines.
650  0 @aMeditation@xZen Buddhism.
700 1  @aDixon, Trudy.
856 42 @3Contributor biographical information@uhttp://www.loc.gov/catdir/enhancements/fy0661/2005042256-b.html
856 42 @3Publisher description@uhttp://www.loc.gov/catdir/enhancements/fy0661/2005042256-d.html
920    @a231010@z2
998    @aFDU
    
    Zen mind, beginner's mind / / by Shunryu Suzuki ; edited by Trudy Dixon ; with a preface by Huston Smith ; and an introduction by Richard Baker.-1st rev. ed.-New York : : Weatherhill, , 1999.
    138 p. ; ; 22 cm.
    "Informal talks on Zen meditation and practice."
    
    ISBN 0834800799 (pbk.).
    
●
相关链接 在E读中查询图书 在五车中查询图书 在当当中查询图书 在豆瓣中查询图书


正题名:Zen mind, beginner's mind     索取号:B946.5/x39         预约/预借

序号 登录号 条形码 馆藏地/架位号 状态 备注
1 0011745   300117451   第二样本阅览室/ [索取号:B946.5/x39] 在馆    
唐山师范学院图书馆 欢迎您!
大连网信软件有限公司© 版权所有